=LDR 00000nam 2200000 4500 =001 INLIS000000000017996 =005 20130612113200 =008 ***********************************Ind** =035 ##$$0010-061300000017996 =041 ##$$a Ind =082 ##$$a 636.68 =090 ##$$a 636.68, Has h =100 ##$$a Hastoro, Indriyadi =245 ##$$a Menagkar dan melatih anis, Indriyadi Hastoro =260 ##$$a 2005 $b Jakarta =300 ##$$a viii, 40 hlm, ilus, 21 cm =650 ##$$a Anis (burung) =850 ##$$a NBPNMAT